[Event "1. Bundesliga 2018/2019"]
[Site "St. Veit an der Glan"]
[Date "2019.01.19"]
[Round "7"]
[Board "4"]
[White "Schreiner, Peter"]
[Black "Walter, Stefan"]
[Result "1/2-1/2"]
[WhiteElo "2477"]
[BlackElo "2403"]
[PlyCount "104"]
[EventDate "2018.11.15"]
[EventType "team"]
[EventRounds "11"]
[EventCountry "AUT"]
[WhiteTeam "SV Raika Rapid Feffernitz"]
[BlackTeam "Schachclub Sparkasse Goetzis"]

1.Nf3 d5 2.g3 Nf6 3.Bg2 e6 4.c4 dxc4 5.Qa4+ Bd7 6.Qxc4 c5 7.d4 Qa5+ 8.Bd2 Qb6 9.Nc3
Bc6 10.O-O Qa6 11.Qxa6 Nxa6 12.dxc5 Rd8 13.Rfd1 Bxc5 14.a3 Bb6 15.b4 Nc7 16.a4 a6
17.b5 axb5 18.axb5 Nxb5 19.Nxb5 Bxb5 20.Rdb1 Bxe2 21.Rxb6 Bxf3 22.Bxf3 Rxd2 23.Bc6+
Ke7 24.Rxb7+ Nd7 25.Bxd7 Rxd7 26.Rxd7+ Kxd7 27.Ra7+ Kd6 28.Rxf7 Rg8 29.Kg2 e5 30.Kf3
Ke6 31.Rb7 Rf8+ 32.Ke3 Kf6 33.Ke4 Ra8 34.Rb6+ Kf7 35.Rb7+ Kf6 36.Rb6+ Kf7 37.f3 Ra3
38.g4 Ra2 39.h4 Re2+ 40.Kd3 Re1 41.Rb7+ Kf6 42.Rb6+ Kf7 43.h5 h6 44.Kd2 Ra1 45.Ke3
Re1+ 46.Kf2 Ra1 47.Rb8 Ra3 48.Ke2 Rc3 49.Rd8 Ke7 50.Rg8 Kf7 51.Rb8 Ra3 52.Rb6 Rc3  1/2-1/2

[Event "1. Bundesliga 2018/2019"]
[Site "St. Veit an der Glan"]
[Date "2019.01.19"]
[Round "7"]
[Board "5"]
[White "Kessler, Luca"]
[Black "Diermair, Andreas"]
[Result "0-1"]
[WhiteElo "2432"]
[BlackElo "2482"]
[PlyCount "74"]
[EventDate "2018.11.15"]
[EventType "team"]
[EventRounds "11"]
[EventCountry "AUT"]
[WhiteTeam "Schachclub Sparkasse Goetzis"]
[BlackTeam "SV Raika Rapid Feffernitz"]

1.e4 e5 2.Nf3 Nc6 3.Bc4 Bc5 4.O-O Nf6 5.d3 O-O 6.c3 d5 7.exd5 Nxd5 8.Nbd2 Nb6 9.Bb5
Bd6 10.Ne4 f5 11.Nxd6 cxd6 12.d4 e4 13.Nd2 a6 14.Be2 Be6 15.f4 Qf6 16.a4 Qf7 17.Re1
Na5 18.b4 Nac4 19.d5 Ne3 20.Bh5 Nxd1 21.Bxf7+ Bxf7 22.Rxd1 Rac8 23.c4 e3 24.Nf3 Nxc4
25.Kf1 Rfe8 26.Rd3 Re4 27.a5 Rxf4 28.Ke2 Re4 29.Rb1 h6 30.b5 Rc5 31.bxa6 bxa6 32.Rb8+
Kh7 33.Rf8 Bg6 34.Rc3 f4 35.g3 fxg3 36.hxg3 Rxd5 37.Rb3 Bh5  0-1

[Event "1. Bundesliga 2018/2019"]
[Site "St. Veit an der Glan"]
[Date "2019.01.19"]
[Round "7"]
[Board "6"]
[White "Sebenik, Matej"]
[Black "Anistratov, Dmitrij"]
[Result "1-0"]
[WhiteElo "2517"]
[BlackElo "2298"]
[PlyCount "61"]
[EventDate "2018.11.15"]
[EventType "team"]
[EventRounds "11"]
[EventCountry "AUT"]
[WhiteTeam "SV Raika Rapid Feffernitz"]
[BlackTeam "Schachclub Sparkasse Goetzis"]

1.e4 g6 2.d4 Bg7 3.Nc3 d6 4.Be3 c6 5.Qd2 Nd7 6.Nf3 Ngf6 7.Bh6 O-O 8.O-O-O b5 9.Bxg7
Kxg7 10.e5 Ng8 11.exd6 exd6 12.d5 c5 13.Nxb5 Ndf6 14.Qf4 Qa5 15.a3 Ng4 16.Ng5 N8f6
17.Nxd6 h6 18.Nge4 Nxe4 19.Nxe4 f5 20.Nd6 g5 21.Qf3 f4 22.Nxc8 c4 23.Nd6 c3 24.Nc4
cxb2+ 25.Kb1 Qa4 26.Qxg4 f3 27.Qd4+ Kg8 28.g3 Rab8 29.Bd3 Rfc8 30.Rhe1 Rb4 31.Re7  1-0

[Event "1. Bundesliga 2018/2019"]
[Site "St. Veit an der Glan"]
[Date "2019.01.19"]
[Round "7"]
[Board "1"]
[White "Bosiocic, Marin"]
[Black "Nisipeanu, Liviu-Dieter"]
[Result "1/2-1/2"]
[WhiteElo "2613"]
[BlackElo "2680"]
[PlyCount "77"]
[EventDate "2018.11.15"]
[EventType "team"]
[EventRounds "11"]
[EventCountry "AUT"]
[WhiteTeam "SV Pillenkoenig St. Veit"]
[BlackTeam "Schachklub Sparkasse Jenbach"]

1.d4 d5 2.c4 e6 3.Nf3 Nf6 4.g3 Be7 5.Bg2 O-O 6.O-O dxc4 7.Qc2 b5 8.a4 b4 9.Nfd2 b3
10.Qxc4 Ba6 11.Qxb3 c6 12.Nc3 Qxd4 13.Nf3 Qb6 14.Qxb6 axb6 15.Nd4 Nd5 16.Rd1 Bb7 17.e4
Nb4 18.Bf4 N8a6 19.Nxe6 fxe6 20.Rd7 Bc5 21.Rxb7 Nd3 22.Be3 Bxe3 23.fxe3 Rab8 24.Rxb8
Rxb8 25.Bf1 Nac5 26.Bxd3 Nxd3 27.b3 c5 28.Kf1 Kf7 29.Ke2 Ne5 30.Nb1 Ke7 31.Nd2 Ra8
32.Rc1 h5 33.h4 Kf6 34.Rf1+ Ke7 35.Rb1 Kf6 36.Rc1 Ra7 37.Rf1+ Ke7 38.Nf3 Nxf3 39.Rxf3  1/2-1/2

[Event "1. Bundesliga 2018/2019"]
[Site "St. Veit an der Glan"]
[Date "2019.01.19"]
[Round "7"]
[Board "2"]
[White "Volokitin, Andrei"]
[Black "Brkic, Ante"]
[Result "1/2-1/2"]
[WhiteElo "2637"]
[BlackElo "2560"]
[PlyCount "79"]
[EventDate "2018.11.15"]
[EventType "team"]
[EventRounds "11"]
[EventCountry "AUT"]
[WhiteTeam "Schachklub Sparkasse Jenbach"]
[BlackTeam "SV Pillenkoenig St. Veit"]

1.e4 e5 2.Nf3 Nc6 3.Bb5 a6 4.Ba4 Nf6 5.O-O Nxe4 6.d4 b5 7.Bb3 d5 8.dxe5 Be6 9.Nbd2
Nc5 10.c3 Be7 11.Bc2 d4 12.Nb3 d3 13.Nxc5 dxc2 14.Qxd8+ Rxd8 15.Nxe6 fxe6 16.Be3 Rd5
17.Rfc1 Nxe5 18.Nxe5 Rxe5 19.Rxc2 Kf7 20.c4 b4 21.Rd1 Rd8 22.Rxd8 Bxd8 23.Kf1 Bg5
24.Bd4 Ra5 25.b3 e5 26.Ba7 e4 27.Ke2 Ke6 28.g3 h5 29.h4 Be7 30.Be3 g6 31.Bd2 Bd6 32.a4
Rf5 33.Be3 c5 34.Rd2 Rf7 35.Rd5 Rf5 36.Rd1 Rf3 37.Rd5 Rf5 38.Rd2 Rf7 39.Rd1 Rf3 40.Rd5  1/2-1/2

[Event "1. Bundesliga 2018/2019"]
[Site "St. Veit an der Glan"]
[Date "2019.01.19"]
[Round "7"]
[Board "3"]
[White "Kuljasevic, Davorin"]
[Black "Bluebaum, Matthias"]
[Result "0-1"]
[WhiteElo "2550"]
[BlackElo "2610"]
[PlyCount "88"]
[EventDate "2018.11.15"]
[EventType "team"]
[EventRounds "11"]
[EventCountry "AUT"]
[WhiteTeam "SV Pillenkoenig St. Veit"]
[BlackTeam "Schachklub Sparkasse Jenbach"]

1.d4 d5 2.c4 c6 3.Nf3 Nf6 4.Nc3 e6 5.e3 Nbd7 6.Qc2 Bd6 7.Bd3 O-O 8.O-O dxc4 9.Bxc4
e5 10.h3 Qe7 11.Bb3 a5 12.a3 Bc7 13.Bd2 h6 14.Nh4 Re8 15.Nf5 Qd8 16.Ne2 Nf8 17.Neg3
Be6 18.dxe5 Bxe5 19.Bc3 Qc7 20.Bxe5 Qxe5 21.f4 Qc7 22.Kh1 Rad8 23.Rae1 Bxf5 24.Nxf5
Ne4 25.Rd1 Nd6 26.Nxd6 Rxd6 27.Rxd6 Qxd6 28.e4 Rd8 29.Qc4 Rd7 30.e5 Qd3 31.Rf2 Qxc4
32.Bxc4 Rd4 33.Bf1 g5 34.fxg5 hxg5 35.b3 Ng6 36.Bc4 Nxe5 37.Rf5 Nxc4 38.Rxg5+ Kf8
39.bxc4 b6 40.c5 b5 41.Kg1 a4 42.Kf2 Rd3 43.h4 Rxa3 44.h5 Ra1  0-1

[Event "1. Bundesliga 2018/2019"]
[Site "St. Veit an der Glan"]
[Date "2019.01.19"]
[Round "7"]
[Board "4"]
[White "Acs, Peter"]
[Black "Rogic, Davor"]
[Result "1-0"]
[WhiteElo "2587"]
[BlackElo "2499"]
[PlyCount "81"]
[EventDate "2018.11.15"]
[EventType "team"]
[EventRounds "11"]
[EventCountry "AUT"]
[WhiteTeam "Schachklub Sparkasse Jenbach"]
[BlackTeam "SV Pillenkoenig St. Veit"]

1.e4 e5 2.Nf3 Nc6 3.Bb5 a6 4.Ba4 Nf6 5.O-O Be7 6.Re1 b5 7.Bb3 d6 8.c3 O-O 9.h3 Nb8
10.d4 Nbd7 11.Nbd2 c5 12.dxe5 dxe5 13.c4 Bb7 14.Qe2 Qc7 15.Bc2 Nh5 16.Nf1 Bc6 17.g3
Nhf6 18.Bg5 Qb7 19.Ne3 Rfe8 20.Nf5 Bf8 21.Rad1 Re6 22.Bc1 bxc4 23.Ng5 Ree8 24.Qxc4
Nb6 25.Qe2 h6 26.Nf3 Re6 27.g4 Rae8 28.Nd2 Nh7 29.Nb1 c4 30.Nc3 g6 31.Nh4 Be7 32.Nf3
f5 33.gxf5 gxf5 34.Kh2 f4 35.Rg1+ Kh8 36.b3 Bc5 37.Bb2 Qf7 38.Nd5 cxb3 39.Bxb3 Bb5
40.Qc2 Qh5 41.Nxe5  1-0

[Event "1. Bundesliga 2018/2019"]
[Site "St. Veit an der Glan"]
[Date "2019.01.19"]
[Round "7"]
[Board "5"]
[White "Riemelmoser, Franz"]
[Black "Shengelia, David"]
[Result "0-1"]
[WhiteElo "2277"]
[BlackElo "2530"]
[PlyCount "80"]
[EventDate "2018.11.15"]
[EventType "team"]
[EventRounds "11"]
[EventCountry "AUT"]
[WhiteTeam "SV Pillenkoenig St. Veit"]
[BlackTeam "Schachklub Sparkasse Jenbach"]

1.c4 e6 2.g3 d5 3.Nf3 dxc4 4.Na3 Bxa3 5.bxa3 b6 6.Bb2 Nf6 7.Qa4+ Nbd7 8.Ne5 Bb7 9.Nc6
Nc5 10.Nxd8+ Nxa4 11.Nxb7 Nxb2 12.Rb1 c3 13.dxc3 Nc4 14.e4 Ne5 15.f4 Nf3+ 16.Ke2 Nxe4
17.Kxf3 Nd2+ 18.Ke3 Nxb1 19.Bb5+ c6 20.Bxc6+ Ke7 21.Rxb1 Rac8 22.Be4 f5 23.Bh1 Rxc3+
24.Kd2 Rhc8 25.Rb2 Rxa3 26.Ke2 Rc1 27.Bg2 Ra1 28.Rd2 R1xa2 29.Bc6 Rxd2+ 30.Kxd2 Ra2+
31.Ke3 Rxh2 32.Bf3 a5 33.Bc6 Rc2 34.Bh1 Rc3+ 35.Kd4 Rxg3 36.Kc4 Rg1 37.Bf3 Rf1 38.Bg2
Rxf4+ 39.Kb5 Rf2 40.Bh1 Rb2+  0-1

[Event "1. Bundesliga 2018/2019"]
[Site "St. Veit an der Glan"]
[Date "2019.01.19"]
[Round "7"]
[Board "6"]
[White "Boensch, Uwe"]
[Black "Ceschia, Ivano"]
[Result "1-0"]
[WhiteElo "2525"]
[BlackElo "2244"]
[PlyCount "89"]
[EventDate "2018.11.15"]
[EventType "team"]
[EventRounds "11"]
[EventCountry "AUT"]
[WhiteTeam "Schachklub Sparkasse Jenbach"]
[BlackTeam "SV Pillenkoenig St. Veit"]

1.d4 e6 2.c4 Nf6 3.Nf3 Bb4+ 4.Bd2 Qe7 5.Nc3 O-O 6.e3 b6 7.Bd3 a5 8.e4 d5 9.e5 Bxc3
10.bxc3 Ne4 11.Bxe4 dxe4 12.Ng5 f5 13.exf6 Qxf6 14.O-O Bb7 15.Qe2 Qg6 16.Rae1 Nd7
17.Nxe4 Rae8 18.f4 Qxe4 19.Qxe4 Bxe4 20.Rxe4 Nf6 21.Re5 Nd7 22.Re2 c5 23.Rfe1 cxd4
24.cxd4 Rc8 25.Rc1 Kf7 26.Kf2 Rc6 27.Ke3 Rfc8 28.Kd3 b5 29.c5 b4 30.a3 bxa3 31.Ra1
Rd8 32.Kc4 Nf6 33.Rxa3 Rb8 34.Rxa5 Rb2 35.Kc3 Rb7 36.Kc4 Rb2 37.Ra7+ Kg6 38.Kc3 Rb1
39.h3 Nd5+ 40.Kc2 Rf1 41.g3 Rf3 42.Re5 Rxg3 43.f5+ Kf6 44.fxe6 Ne7 45.Bg5+  1-0

[Event "1. Bundesliga 2018/2019"]
[Site "St. Veit an der Glan"]
[Date "2019.01.20"]
[Round "8"]
[Board "1"]
[White "Bindrich, Falko"]
[Black "Nisipeanu, Liviu-Dieter"]
[Result "1/2-1/2"]
[WhiteElo "2609"]
[BlackElo "2680"]
[PlyCount "62"]
[EventDate "2018.11.15"]
[EventType "team"]
[EventRounds "11"]
[EventCountry "AUT"]
[WhiteTeam "SK Hohenems"]
[BlackTeam "Schachklub Sparkasse Jenbach"]

1.d4 Nf6 2.c4 e6 3.g3 d5 4.Bg2 Be7 5.Nf3 O-O 6.Qc2 c5 7.dxc5 Qa5+ 8.Nc3 dxc4 9.O-O
Nc6 10.Bg5 Qxc5 11.Bxf6 Bxf6 12.Ne4 Qe7 13.Nfd2 Bd7 14.Nxc4 Nd4 15.Qd3 Bb5 16.Nxf6+
Qxf6 17.Bxb7 Rab8 18.Bg2 Bxc4 19.Qxc4 Rxb2 20.e3 Ne2+ 21.Kh1 g6 22.Rae1 Nc3 23.Rc1
Nxa2 24.Ra1 Nc3 25.Rxa7 Rd8 26.Ra8 Rxa8 27.Bxa8 Rd2 28.Qf4 Qxf4 29.exf4 Kg7 30.Bf3
Nb5 31.Kg2 Nd4 1/2-1/2

[Event "1. Bundesliga 2018/2019"]
[Site "St. Veit an der Glan"]
[Date "2019.01.20"]
[Round "8"]
[Board "2"]
[White "Volokitin, Andrei"]
[Black "Martinovic, Sasa"]
[Result "1-0"]
[WhiteElo "2637"]
[BlackElo "2555"]
[PlyCount "43"]
[EventDate "2018.11.15"]
[EventType "team"]
[EventRounds "11"]
[EventCountry "AUT"]
[WhiteTeam "Schachklub Sparkasse Jenbach"]
[BlackTeam "SK Hohenems"]

1.e4 e6 2.d4 d5 3.Nc3 Bb4 4.e5 Ne7 5.a3 Bxc3+ 6.bxc3 c5 7.Qg4 O-O 8.Bd3 f5 9.exf6
Rxf6 10.Bg5 Rf7 11.Qh5 g6 12.Qd1 Qa5 13.Bd2 Nbc6 14.f4 c4 15.Be2 Nf5 16.Nf3 Bd7 17.O-O
Raf8 18.Qe1 Nd6 19.Ng5 Re7 20.Bf3 Nd8 21.a4 N8f7 22.Nxh7 1-0

[Event "1. Bundesliga 2018/2019"]
[Site "St. Veit an der Glan"]
[Date "2019.01.20"]
[Round "8"]
[Board "3"]
[White "Rozentalis, Eduardas"]
[Black "Bluebaum, Matthias"]
[Result "1/2-1/2"]
[WhiteElo "2568"]
[BlackElo "2610"]
[PlyCount "80"]
[EventDate "2018.11.15"]
[EventType "team"]
[EventRounds "11"]
[EventCountry "AUT"]
[WhiteTeam "SK Hohenems"]
[BlackTeam "Schachklub Sparkasse Jenbach"]

1.e4 e6 2.d4 d5 3.Nd2 c5 4.Ngf3 cxd4 5.Nxd4 Nf6 6.exd5 Nxd5 7.c3 Be7 8.N2f3 O-O 9.Bd3
Nd7 10.O-O Re8 11.Re1 Bf6 12.Bc2 a6 13.a3 b5 14.a4 bxa4 15.Bxa4 Bb7 16.h3 N5b6 17.Bc2
Qc7 18.Ng5 Nf8 19.Be4 Red8 20.Bxb7 Qxb7 21.Qf3 Qxf3 22.Ngxf3 Rd5 23.Bf4 Nfd7 24.Bc7
Rc5 25.Bd6 Rd5 26.Bc7 Rc5 27.Bd6 Rcc8 28.Ra2 Nc4 29.Bg3 g6 30.Rd1 Nc5 31.b3 Ne4 32.Ne2
Nxg3 33.Nxg3 Ne5 34.Nd4 Nc6 35.Nxc6 Rxc6 36.Ne4 Be7 37.c4 Rb8 38.Rd3 Kg7 39.g4 f5
40.Rd7 Kf8 1/2-1/2

[Event "1. Bundesliga 2018/2019"]
[Site "St. Veit an der Glan"]
[Date "2019.01.20"]
[Round "8"]
[Board "4"]
[White "Acs, Peter"]
[Black "Henrichs, Thomas"]
[Result "1-0"]
[WhiteElo "2587"]
[BlackElo "2443"]
[PlyCount "73"]
[EventDate "2018.11.15"]
[EventType "team"]
[EventRounds "11"]
[EventCountry "AUT"]
[WhiteTeam "Schachklub Sparkasse Jenbach"]
[BlackTeam "SK Hohenems"]

1.e4 e5 2.Nf3 Nc6 3.Bb5 a6 4.Ba4 Nf6 5.O-O Be7 6.Bxc6 dxc6 7.d3 Nd7 8.Nbd2 O-O 9.a4
Re8 10.Re1 Bf8 11.Nf1 c5 12.Bg5 f6 13.Bd2 Nb8 14.Ne3 Nc6 15.a5 Be6 16.Nh4 Qd7 17.b3
Nd4 18.g3 Rad8 19.Bc3 Bf7 20.Nhg2 Qc8 21.Rf1 b5 22.axb6 cxb6 23.f4 exf4 24.Nxf4 b5
25.Rf2 Nc6 26.Nfd5 Ne5 27.Bxe5 Rxe5 28.c4 Re6 29.Qg4 Kh8 30.cxb5 axb5 31.Ra7 Bg8 32.Nf5
Rd7 33.Rfa2 Rxa7 34.Rxa7 g6 35.Nf4 Re7 36.Nxg6+ hxg6 37.Qh4+ 1-0

[Event "1. Bundesliga 2018/2019"]
[Site "St. Veit an der Glan"]
[Date "2019.01.20"]
[Round "8"]
[Board "5"]
[White "Atlas, Valery"]
[Black "Shengelia, David"]
[Result "1-0"]
[WhiteElo "2445"]
[BlackElo "2530"]
[PlyCount "117"]
[EventDate "2018.11.15"]
[EventType "team"]
[EventRounds "11"]
[EventCountry "AUT"]
[WhiteTeam "SK Hohenems"]
[BlackTeam "Schachklub Sparkasse Jenbach"]

1.e4 c6 2.Nf3 d5 3.Nc3 dxe4 4.Nxe4 Nf6 5.Nxf6+ exf6 6.d4 Bd6 7.Be2 O-O 8.O-O Bg4 9.h3
Bh5 10.Nh4 Bxe2 11.Qxe2 Re8 12.Qd3 Na6 13.Bd2 Nc7 14.Rad1 Ne6 15.Nf3 Qb6 16.c4 Qa6
17.Qc2 c5 18.d5 Nf8 19.a4 Ng6 20.b3 Bc7 21.Rfe1 Ne5 22.Nh4 g6 23.Kf1 Qd6 24.Bf4 a6
25.Re2 b5 26.Nf3 bxc4 27.bxc4 Rab8 28.Rde1 Rb4 29.Nxe5 fxe5 30.Rxe5 Rxe5 31.Bxe5 Qd7
32.Ba1 f6 33.Bxf6 Qf5 34.Qxf5 gxf5 35.Be5 Bd8 36.Bd6 Kf7 37.Rc1 Be7 38.Bc7 Bf6 39.a5
Rb2 40.Bf4 Bd4 41.Be3 Bxe3 42.fxe3 Rb4 43.Ke2 Kf6 44.Kf3 Ke5 45.g4 fxg4+ 46.hxg4 Ra4
47.Rd1 Kd6 48.e4 Rxc4 49.Kf4 Rb4 50.Kf5 c4 51.e5+ Kd7 52.d6 Rb2 53.e6+ Kd8 54.e7+
Kd7 55.Re1 Rb8 56.Kf6 h5 57.gxh5 c3 58.Kf7 c2 59.Rc1 1-0

[Event "1. Bundesliga 2018/2019"]
[Site "St. Veit an der Glan"]
[Date "2019.01.20"]
[Round "8"]
[Board "6"]
[White "Boensch, Uwe"]
[Black "Baenziger, Fabian"]
[Result "1/2-1/2"]
[WhiteElo "2525"]
[BlackElo "2349"]
[PlyCount "64"]
[EventDate "2018.11.15"]
[EventType "team"]
[EventRounds "11"]
[EventCountry "AUT"]
[WhiteTeam "Schachklub Sparkasse Jenbach"]
[BlackTeam "SK Hohenems"]

1.d4 Nf6 2.c4 g6 3.Nc3 Bg7 4.e4 d6 5.Be2 O-O 6.Bg5 a6 7.Qd2 c6 8.a4 a5 9.Nf3 Na6 10.Rd1
Bg4 11.e5 Ne8 12.Qf4 Bxf3 13.Qxf3 dxe5 14.dxe5 Qc7 15.e6 Nc5 16.exf7+ Rxf7 17.Qe3
Qe5 18.Bg4 Nd6 19.Qxe5 Bxe5 20.Be3 b6 21.Bxc5 bxc5 22.Be6 Rb8 23.f4 Bf6 24.h4 Rxb2
25.Ne2 Kg7 26.Bxf7 Kxf7 27.g4 h5 28.g5 Bg7 29.Rh3 Rb4 30.Rhd3 Rxa4 31.Rxd6 exd6 32.Rxd6
Rxc4 1/2-1/2

[Event "1. Bundesliga 2018/2019"]
[Site "St. Veit an der Glan"]
[Date "2019.01.20"]
[Round "8"]
[Board "1"]
[White "Lenic, Luka"]
[Black "Bosiocic, Marin"]
[Result "1/2-1/2"]
[WhiteElo "2643"]
[BlackElo "2613"]
[PlyCount "60"]
[EventDate "2018.11.15"]
[EventType "team"]
[EventRounds "11"]
[EventCountry "AUT"]
[WhiteTeam "SV Raika Rapid Feffernitz"]
[BlackTeam "SV Pillenkoenig St. Veit"]

1.d4 Nf6 2.c4 e6 3.Nc3 Bb4 4.Qc2 d5 5.a3 Bxc3+ 6.Qxc3 O-O 7.Bg5 dxc4 8.Qxc4 b6 9.Rd1
Ba6 10.Qa4 Qd7 11.Qc2 Qc6 12.Qxc6 Nxc6 13.Bxf6 gxf6 14.Nf3 Na5 15.b4 Nb7 16.a4 Nd6
17.e3 Bxf1 18.Rxf1 c6 19.Rb1 Ne4 20.Rb3 Rfd8 21.Ke2 a5 22.bxa5 Rxa5 23.Rxb6 Rxa4 24.Rb2
c5 25.Rc1 cxd4 26.Nxd4 Rda8 27.f3 Ra2 28.Rxa2 Rxa2+ 29.Rc2 Rxc2+ 30.Nxc2 Nc3+ 1/2-1/2

[Event "1. Bundesliga 2018/2019"]
[Site "St. Veit an der Glan"]
[Date "2019.01.20"]
[Round "8"]
[Board "2"]
[White "Brkic, Ante"]
[Black "Abasov, Nijat"]
[Result "1/2-1/2"]
[WhiteElo "2560"]
[BlackElo "2633"]
[PlyCount "129"]
[EventDate "2018.11.15"]
[EventType "team"]
[EventRounds "11"]
[EventCountry "AUT"]
[WhiteTeam "SV Pillenkoenig St. Veit"]
[BlackTeam "SV Raika Rapid Feffernitz"]

1.e4 c5 2.Nf3 Nc6 3.d4 cxd4 4.Nxd4 Nf6 5.Nc3 e5 6.Ndb5 d6 7.Bg5 a6 8.Na3 b5 9.Nd5
Be7 10.Bxf6 Bxf6 11.c4 b4 12.Nc2 O-O 13.h4 Be6 14.g3 a5 15.Bh3 a4 16.Nce3 Nd4 17.Kf1
b3 18.Kg2 Kh8 19.axb3 axb3 20.Rxa8 Qxa8 21.Nxf6 gxf6 22.Nd5 f5 23.Bxf5 Bxf5 24.exf5
Qc8 25.Ne3 Qc6+ 26.f3 Rc8 27.Rf1 Nc2 28.Nxc2 bxc2 29.Qxc2 Qxc4 30.Qxc4 Rxc4 31.Rd1
Rc6 32.b4 Kg7 33.b5 Rc2+ 34.Kh3 Rb2 35.Rxd6 Rxb5 36.h5 f6 37.Rd7+ Kh6 38.Kh4 Rb4+
39.g4 Rb6 40.Rf7 Ra6 41.Kg3 Rb6 42.Rf8 Kg7 43.Re8 Kf7 44.Rc8 h6 45.Rc7+ Kg8 46.Rc8+
Kf7 47.Rc7+ Kg8 48.Rc3 Rb2 49.f4 exf4+ 50.Kxf4 Rb4+ 51.Kf3 Ra4 52.Rc8+ Kg7 53.Rc7+
Kg8 54.Re7 Ra1 55.Re4 Kf7 56.Rb4 Re1 57.Rb7+ Kg8 58.Ra7 Re5 59.Ra4 Kf7 60.Re4 Rxe4
61.Kxe4 Ke7 62.Kd5 Kd7 63.Kc5 Kc7 64.Kd5 Kd7 65.Kc5 1/2-1/2

[Event "1. Bundesliga 2018/2019"]
[Site "St. Veit an der Glan"]
[Date "2019.01.20"]
[Round "8"]
[Board "3"]
[White "Skoberne, Jure"]
[Black "Kuljasevic, Davorin"]
[Result "1/2-1/2"]
[WhiteElo "2567"]
[BlackElo "2550"]
[PlyCount "60"]
[EventDate "2018.11.15"]
[EventType "team"]
[EventRounds "11"]
[EventCountry "AUT"]
[WhiteTeam "SV Raika Rapid Feffernitz"]
[BlackTeam "SV Pillenkoenig St. Veit"]

1.d4 Nf6 2.Nf3 d5 3.Bf4 e6 4.e3 Bd6 5.Nbd2 Bxf4 6.exf4 Qd6 7.g3 b6 8.c3 O-O 9.Bd3
Ba6 10.Bxa6 Nxa6 11.a4 c5 12.Qe2 Nb8 13.O-O Nc6 14.Qe3 Rac8 15.Rfd1 Rfd8 16.Kg2 Ng4
17.Qd3 Nh6 18.Ne5 cxd4 19.Nxc6 Qxc6 20.Qxd4 Nf5 21.Qd3 d4+ 22.Qf3 Qe8 23.Ne4 dxc3
24.Nxc3 Nd4 25.Qb7 Rd7 26.Qe4 f5 27.Qd3 Rcc7 28.Nb5 Nxb5 29.Qxb5 Qa8+ 30.Kg1 Qd8 1/2-1/2

[Event "1. Bundesliga 2018/2019"]
[Site "St. Veit an der Glan"]
[Date "2019.01.20"]
[Round "8"]
[Board "4"]
[White "Rogic, Davor"]
[Black "Schreiner, Peter"]
[Result "1/2-1/2"]
[WhiteElo "2499"]
[BlackElo "2477"]
[PlyCount "109"]
[EventDate "2018.11.15"]
[EventType "team"]
[EventRounds "11"]
[EventCountry "AUT"]
[WhiteTeam "SV Pillenkoenig St. Veit"]
[BlackTeam "SV Raika Rapid Feffernitz"]

1.e4 e5 2.Nf3 Nc6 3.Nc3 Nf6 4.Bb5 Bb4 5.O-O O-O 6.d3 Bxc3 7.bxc3 d6 8.Re1 a6 9.Bxc6
bxc6 10.Bg5 h6 11.Bxf6 Qxf6 12.Rb1 Bg4 13.c4 Rfb8 14.Qe2 Rb6 15.Rb3 Rab8 16.Qe3 Bxf3
17.Qxf3 Qxf3 18.gxf3 c5 19.Kg2 g5 20.h4 Kg7 21.hxg5 hxg5 22.Kg3 Kg6 23.Kg4 Rb4 24.Reb1
f6 25.Rh1 a5 26.Ra3 Ra8 27.Rb3 Rab8 28.Ra3 Ra8 29.Rb3 a4 30.Rbb1 Rab8 31.Rbc1 a3 32.Rcg1
Rb2 33.Rh3 Rb1 34.Rg2 Rc1 35.f4 exf4 36.Rh5 Re8 37.Rgh2 Rg1+ 38.Kf3 Kf7 39.Rh7+ Ke6
40.Rxc7 Ke5 41.Ke2 f5 42.Ra7 fxe4 43.dxe4 Kxe4 44.Rxa3 Kd4+ 45.Kd2 Kxc4 46.Rc3+ Kd5
47.Rd3+ Kc6 48.Rh6 Rd8 49.f3 g4 50.Rf6 gxf3 51.Rxf3 Rg2+ 52.Kc1 Rg1+ 53.Kd2 Rg2+ 54.Kc1
Rg1+ 55.Kd2 1/2-1/2

[Event "1. Bundesliga 2018/2019"]
[Site "St. Veit an der Glan"]
[Date "2019.01.20"]
[Round "8"]
[Board "5"]
[White "Diermair, Andreas"]
[Black "Riemelmoser, Franz"]
[Result "1-0"]
[WhiteElo "2482"]
[BlackElo "2277"]
[PlyCount "101"]
[EventDate "2018.11.15"]
[EventType "team"]
[EventRounds "11"]
[EventCountry "AUT"]
[WhiteTeam "SV Raika Rapid Feffernitz"]
[BlackTeam "SV Pillenkoenig St. Veit"]

1.c4 c5 2.Nf3 Nf6 3.Nc3 Nc6 4.g3 d5 5.d4 dxc4 6.d5 Nd4 7.Nxd4 cxd4 8.Qxd4 e6 9.e4
exd5 10.exd5 Be7 11.Qxc4 O-O 12.Bg2 Bg4 13.O-O Qd7 14.Re1 Rac8 15.Qb3 Rfd8 16.Be3
Bc5 17.Bxc5 Rxc5 18.d6 Qxd6 19.Qxb7 Rc7 20.Qb5 h6 21.h3 Bh5 22.g4 Bg6 23.Rad1 Qf8
24.Rxd8 Qxd8 25.Nd5 Rc2 26.Ne3 Rd2 27.Qb4 a5 28.Qb5 Qd4 29.Re2 Rxe2 30.Qxe2 a4 31.a3
Qb6 32.Nd5 Nxd5 33.Bxd5 Qd4 34.Bf3 Kh7 35.Kg2 Kg8 36.Qd1 Qf4 37.Qe1 Bc2 38.Qe2 Bg6
39.Qb5 Bc2 40.Qc6 Bg6 41.Qb7 Bd3 42.Qd5 Bg6 43.Qb5 Bc2 44.Qb4 Qf6 45.Qc3 Qg6 46.Qc6
Qd3 47.Qe8+ Kh7 48.Qxf7 Qd4 49.Qb7 Qf4 50.Qb4 Qf6 51.Be4+ 1-0

[Event "1. Bundesliga 2018/2019"]
[Site "St. Veit an der Glan"]
[Date "2019.01.20"]
[Round "8"]
[Board "6"]
[White "Dietmayer-Kraeutler, Marco"]
[Black "Sebenik, Matej"]
[Result "1/2-1/2"]
[WhiteElo "2340"]
[BlackElo "2517"]
[PlyCount "84"]
[EventDate "2018.11.15"]
[EventType "team"]
[EventRounds "11"]
[EventCountry "AUT"]
[WhiteTeam "SV Pillenkoenig St. Veit"]
[BlackTeam "SV Raika Rapid Feffernitz"]

1.d4 e6 2.c4 Nf6 3.Nc3 Bb4 4.Qc2 O-O 5.a3 Bxc3+ 6.Qxc3 d5 7.Bg5 h6 8.Bxf6 Qxf6 9.cxd5
exd5 10.e3 c6 11.Nf3 Bf5 12.Be2 Nd7 13.O-O Bg4 14.b4 a6 15.a4 Rfc8 16.Rfc1 Qd6 17.h3
Bh5 18.Ra2 Nf6 19.Ne5 Bxe2 20.Rxe2 Ne4 21.Qb3 Qe6 22.Nd3 Nd6 23.Rec2 Re8 24.Nc5 Qf5
25.Qd3 Qg5 26.Qe2 h5 27.Qf3 Re7 28.g3 Qh6 29.h4 Qg6 30.Rc3 Rae8 31.Nd3 Ne4 32.Nf4
Qd6 33.R3c2 Qxb4 34.Nxh5 g6 35.Qg4 Kf8 36.Nf4 Qxa4 37.h5 Nf6 38.Qg5 Nxh5 39.Nxh5 gxh5
40.Qh6+ Kg8 41.Qg5+ Kf8 42.Qh6+ Kg8 1/2-1/2

[Event "1. Bundesliga 2018/2019"]
[Site "St. Veit an der Glan"]
[Date "2019.01.20"]
[Round "8"]
[Board "1"]
[White "Lizak, Peter"]
[Black "Huschenbeth, Niclas"]
[Result "1/2-1/2"]
[WhiteElo "2472"]
[BlackElo "2608"]
[PlyCount "105"]
[EventDate "2018.11.15"]
[EventType "team"]
[EventRounds "11"]
[EventCountry "AUT"]
[WhiteTeam "Data Technology Pressbaum"]
[BlackTeam "Schachclub Sparkasse Goetzis"]

1.d4 d5 2.Bf4 c5 3.e3 Nc6 4.Nf3 cxd4 5.exd4 Bg4 6.c3 e6 7.Nbd2 Bd6 8.Bxd6 Qxd6 9.Bd3
Nf6 10.O-O O-O 11.Re1 Rfc8 12.Qe2 Na5 13.a4 Qb6 14.b4 Nc6 15.a5 Qd8 16.h3 Bxf3 17.Nxf3
Rc7 18.Rac1 Rac8 19.Qd2 Ne8 20.h4 Qf6 21.Rc2 Nd6 22.Qe2 Ne7 23.Rec1 Nc4 24.Ra1 Nf5
25.g3 Nfd6 26.Ne5 Qd8 27.f4 Qe8 28.Kh2 f6 29.Nxc4 Nxc4 30.Re1 Re7 31.Qf3 f5 32.Bxc4
Rxc4 33.Rce2 Qc8 34.Re3 Rc6 35.b5 Rc4 36.Qe2 Rxc3 37.Rxe6 Rxe6 38.Qxe6+ Qxe6 39.Rxe6
Rb3 40.b6 axb6 41.axb6 Kf7 42.Rd6 Ke7 43.Rxd5 g6 44.Rc5 Rxb6 45.Rc7+ Ke6 46.Rxh7 Kd5
47.Re7 Rb2+ 48.Kh3 Rb1 49.h5 gxh5 50.Kh4 Kxd4 51.Kxh5 b5 52.Kg5 Rg1 53.Kxf5 1/2-1/2

[Event "1. Bundesliga 2018/2019"]
[Site "St. Veit an der Glan"]
[Date "2019.01.20"]
[Round "8"]
[Board "3"]
[White "Hechl, Gerald"]
[Black "Kvetny, Mark"]
[Result "1-0"]
[WhiteElo "2356"]
[BlackElo "2409"]
[PlyCount "45"]
[EventDate "2018.11.15"]
[EventType "team"]
[EventRounds "11"]
[EventCountry "AUT"]
[WhiteTeam "Data Technology Pressbaum"]
[BlackTeam "Schachclub Sparkasse Goetzis"]

1.d4 Nf6 2.Bg5 c6 3.Bxf6 gxf6 4.c4 Qb6 5.Qd2 d5 6.e3 Bf5 7.Nc3 e6 8.Nge2 Nd7 9.cxd5
cxd5 10.Rc1 Rc8 11.Nf4 Bd6 12.Be2 Bxf4 13.exf4 Rg8 14.g4 Rxg4 15.Bxg4 Bxg4 16.Rg1
h5 17.f3 Bf5 18.Rg8+ Nf8 19.Nb5 Rxc1+ 20.Qxc1 Qc6 21.Qxc6+ bxc6 22.Nxa7 Bh7 23.Rh8 1-0